Xứ Lạng trong tiến trình thơ ca trung đại Việt Nam /

Na minha lista:
Detalhes bibliográficos
Autor principal: Nguyễn Phạm Hùng, PTS.
Formato: Atigo
Idioma:Vietnamese
Assuntos:
Tags: Adicionar Tag
Sem tags, seja o primeiro a adicionar uma tag!
Thư viện lưu trữ: Thư viện Trường Đại học Đà Lạt
LEADER 00796nam a2200265 4500
001 DLU090073809
005 ##20090521
040 # # |a DLU  |b vie 
041 # # |a vie 
044 # # |a vn 
100 # # |a Nguyễn Phạm Hùng,   |c PTS. 
245 # # |a Xứ Lạng trong tiến trình thơ ca trung đại Việt Nam /  |c Nguyễn Phạm Hùng. 
653 # # |a Lạng Sơn  
653 # # |a Văn học dân gian  
653 # # |a Văn học Trung đại Việt Nam  
773 # # |t Tạp chí văn học  |g Số 11, 1996, tr.48-53 
920 # # |a Phòng Tạp chí -- Trung tâm Thông tin - Thư viện Trường Đại học Đà Lạt 
994 # # |a DLU 
900 # # |a True 
911 # # |a Nguyễn Thị Linh Chi 
925 # # |a G 
926 # # |a A 
927 # # |a BB 
980 # # |a Thư viện Trường Đại học Đà Lạt